000 00640nam 22001933 4500
001 32579
010 _a972-798-105-4
090 _a32579
100 _a20260316d u||y0pory50 ba
101 _apor
200 _aCercados pelo Fogo
_eOs IncĂȘndios Florestais em Portugal em 2003 e os Acidentes Mortais com eles Relacionados
_fDomingos Xavier Viegas
210 _aCoimbra
_cMinerva Coimbra
_d2004
215 _a274 p.
_cil.
_d23 cm
317 _5Instituto de Meteorologia
500 _aCercados pelo Fogo
606 _xAgrometeorologia
_xAgricultura
_xIncĂȘndios Florestais
_923765
700 _aViegas
_bDomingos Xavier
_923766
801 _gISBD
942 _n0